9 Seasons of Grey's Anatomy - Statistics

General Stats
  • This quiz has been taken 7,346 times
  • The average score is 9 of 15
Answer Stats
Question Answer % Correct
How many sisters does Derek Shepherd have? 4
91%
What is Miranda Bailey's nickname? The Nazi
88%
How old was Mark Sloan's daughter when he first met her? 18
86%
Who does April Kepner lose her virginity to? Jackson Avery
85%
Who is selected as the first intern to perform surgery? George O'Malley
81%
What does Jackson rename the hospital to in the ninth season? Grey-Sloan Memorial Hospital
80%
Where did Callie and George get married? Las Vegas
75%
What did Izzie Stevens cut to improve Denny's chances of getting a new heart? LVAD wire
72%
What disease does Meredith's mother suffer from? Alzheimer's
69%
What is Lexie and Meredith's father called? Thatcher
69%
Who did Meredith choose Derek over? Finn Dandridge
59%
Who goes on a shooting spree in the hospital in season six? Gary Clark
27%
Which country did Arizona Robbins go to in Africa after receiving her grant? Malawi
21%
Which city did Teddy Altman and Owen Hunt return from? Baghdad
20%
Which hospital does Alex decide to leave to at the end of his fifth-year residency? Johns Hopkins
17%
No matching quizzes found
Score Distribution
Percent of People with Each Score
Percentile by Number Answered
Your Score History
You have not taken this quiz